<?xml version="1.0" encoding="UTF-8"?>
<record
    xmlns:xsi="http://www.w3.org/2001/XMLSchema-instance"
    xsi:schemaLocation="http://www.loc.gov/MARC21/slim http://www.loc.gov/standards/marcxml/schema/MARC21slim.xsd"
    xmlns="http://www.loc.gov/MARC21/slim">

  <leader>00591nam a22001937a 4500</leader>
  <datafield tag="999" ind1=" " ind2=" ">
    <subfield code="c">196611</subfield>
    <subfield code="d">196611</subfield>
  </datafield>
  <controlfield tag="005">20230718152016.0</controlfield>
  <datafield tag="010" ind1=" " ind2=" ">
    <subfield code="a">UR-12077</subfield>
  </datafield>
  <datafield tag="020" ind1=" " ind2=" ">
    <subfield code="a">9789383239412</subfield>
    <subfield code="c">225.00</subfield>
  </datafield>
  <datafield tag="035" ind1=" " ind2=" ">
    <subfield code="a">U-10632</subfield>
  </datafield>
  <datafield tag="037" ind1=" " ind2=" ">
    <subfield code="b">DBAD/PUB</subfield>
  </datafield>
  <datafield tag="082" ind1=" " ind2=" ">
    <subfield code="a">841</subfield>
  </datafield>
  <datafield tag="100" ind1=" " ind2=" ">
    <subfield code="a">&#x627;&#x637;&#x6C1;&#x631; &#x633;&#x644;&#x637;&#x627; &#x646;&#x6C1;</subfield>
  </datafield>
  <datafield tag="245" ind1=" " ind2=" ">
    <subfield code="a">&#x62A;&#x627;&#x62B;&#x6CC;&#x631; &#x648; &#x62A;&#x646;&#x642;&#x6CC;&#x62F; /</subfield>
    <subfield code="c">&#x627;&#x637;&#x6C1;&#x631; &#x633;&#x644;&#x637;&#x627; &#x646;&#x6C1;</subfield>
  </datafield>
  <datafield tag="246" ind1=" " ind2=" ">
    <subfield code="a">Taseer-wo Tanqeed /</subfield>
    <subfield code="b">by Athar Sultana</subfield>
  </datafield>
  <datafield tag="260" ind1=" " ind2=" ">
    <subfield code="a">New Delhi</subfield>
    <subfield code="b">Applied Books</subfield>
    <subfield code="c">2016 &#x621;</subfield>
  </datafield>
  <datafield tag="270" ind1=" " ind2=" ">
    <subfield code="a">1739/10, Pataudi House, Darya Ganj</subfield>
    <subfield code="b">New Delhi</subfield>
    <subfield code="e">110002</subfield>
  </datafield>
  <datafield tag="300" ind1=" " ind2=" ">
    <subfield code="a">143&#x635;</subfield>
    <subfield code="c">22cm(pbk)</subfield>
  </datafield>
  <datafield tag="942" ind1=" " ind2=" ">
    <subfield code="2">ddc</subfield>
    <subfield code="c">UR</subfield>
    <subfield code="h">841</subfield>
    <subfield code="m">&#x627; &#x637; &#x6C1;</subfield>
  </datafield>
  <datafield tag="952" ind1=" " ind2=" ">
    <subfield code="0">0</subfield>
    <subfield code="1">0</subfield>
    <subfield code="4">0</subfield>
    <subfield code="7">0</subfield>
    <subfield code="8">NFIC</subfield>
    <subfield code="a">AV</subfield>
    <subfield code="b">AV</subfield>
    <subfield code="d">2023-07-18</subfield>
    <subfield code="e">DBAD/PUB</subfield>
    <subfield code="g">225.00</subfield>
    <subfield code="l">0</subfield>
    <subfield code="o">841 &#x627; &#x637; &#x6C1;</subfield>
    <subfield code="p">U-10632</subfield>
    <subfield code="r">2023-07-18 00:00:00</subfield>
    <subfield code="t">1</subfield>
    <subfield code="v">225.00</subfield>
    <subfield code="w">2023-07-18</subfield>
    <subfield code="y">UR</subfield>
  </datafield>
</record>
